Search the Library Catalogue
| 000 -LEADER | |
|---|---|
| fixed length control field | 00848nam a2200241Ia 4500 |
| 008 - FIXED-LENGTH DATA ELEMENTS--GENERAL INFORMATION | |
| fixed length control field | 191130s2008##################000#0#eng## |
| 020 ## - INTERNATIONAL STANDARD BOOK NUMBER | |
| ISBN | 9781844075379 |
| 082 ## - DEWEY DECIMAL CLASSIFICATION NUMBER | |
| Classification number | 363.70526091821 JOA |
| 245 ## - TITLE STATEMENT | |
| Title | Governing a common sea : environmental policies in the Baltic sea region |
| Statement of responsibility, etc | edited by Marko Joas, Detlef Jahn and Kristine Kern |
| 260 ## - PUBLICATION, DISTRIBUTION, ETC. (IMPRINT) | |
| Place of publication | London |
| Name of publisher | Earthscan |
| Year of publication | 2008 |
| 300 ## - PHYSICAL DESCRIPTION | |
| Number of Pages | xvii, 238 p. : ill. ; 24 cm |
| 500 ## - GENERAL NOTE | |
| General note | Includes bibliographical references and index |
| 650 ## - SUBJECT ADDED ENTRY--TOPICAL TERM | |
| Topical Term | Baltic States - Politics and government - 1991- |
| Topical Term | Environmental policy - Baltic Sea Region - International cooperation |
| 700 ## - ADDED ENTRY--PERSONAL NAME | |
| Personal name | Jahn, Detlef |
| Personal name | Joas, Marko |
| Personal name | Kern, Kristine |
| 991 ## - | |
| -- | 310635 |
| Withdrawn status | Lost status | Damaged status | Not for loan | Home library | Current library | Date acquired | Full call number | Accession Number | Price effective from | Koha item type |
|---|---|---|---|---|---|---|---|---|---|---|
| Anna Centenary Library | Anna Centenary Library | 13.10.2020 | 363.70526091821 JOA | 336195 | 13.10.2020 | English Books |